Central Library OPAC University of Rajshahi

Modern trade union law / (Record no. 2482)

MARC details
000 -LEADER
fixed length control field 00730cam a22002531a 4500
001 - CONTROL NUMBER
control field 2482
003 - CONTROL NUMBER IDENTIFIER
rucl marc code BD-RjUL
005 - DATE AND TIME OF LATEST TRANSACTION
control field 20211208233548.0
008 - FIXED-LENGTH DATA ELEMENTS--GENERAL INFORMATION
fixed length control field 131211r19691966enka 001 0 eng
035 ## - SYSTEM CONTROL NUMBER
System control number (BD-RjUL)2509
System control number (OCoLC)2642323
040 ## - CATALOGING SOURCE
Original cataloging agency DLC
Transcribing agency FU-L
Modifying agency OCoLC
-- MoSU-L
-- Uk
-- DLC
-- BD-RjUL
Language of cataloging eng
041 ## - LANGUAGE CODE
Language code of text/sound track or separate title eng
082 00 - DEWEY DECIMAL CLASSIFICATION NUMBER
Classification number 340
Author mark and year GRM 1969
100 1# - MAIN ENTRY--PERSONAL NAME
Personal name Grunfeld, Cyril.
9 (RLIN) 8046
245 10 - TITLE STATEMENT
Title Modern trade union law /
Statement of responsibility, etc. by Cyril Grunfeld.
260 ## - PUBLICATION, DISTRIBUTION, ETC. (IMPRINT)
Place of publication, distribution, etc. London :
Name of publisher, distributor, etc. Sweet & Maxwell,
Date of publication, distribution, etc. c1966 [Impression 1969].
300 ## - PHYSICAL DESCRIPTION
Pagination xii, 517 p. :
Illustrations ill. ;
Size 23 cm.
504 ## - BIBLIOGRAPHY, ETC. NOTE
Bibliography, etc Includes index.
650 #0 - SUBJECT ADDED ENTRY--TOPICAL TERM
Topical term or geographic name as entry element Labor unions
Geographic subdivision Great Britain.
9 (RLIN) 8047
942 ## - ADDED ENTRY ELEMENTS (KOHA)
Source of classification or shelving scheme Dewey Decimal Classification
Koha item type Books
Holdings
Lost status Source of classification or shelving scheme Damaged status Not for loan Collection code Permanent Location Current Location Shelving location Date acquired Source of acquisition Cost, normal purchase price Total Checkouts Full call number Date last seen Copy number Koha item type
  Dewey Decimal Classification   Not For Loan Non-fiction Central Library, University of Rajshahi Central Library, University of Rajshahi   12/01/1972 Zeitlinger 45.00   340 GRM 1969 11/12/2013 C-1 Books